Online Catalogue and eLibrary

Devolution Proposals : (Record no. 5561)

MARC details
000 -LEADER
fixed length control field 00441nam a2200157Ia 4500
005 - DATE AND TIME OF LATEST TRANSACTION
control field 20240610024813.0
008 - FIXED-LENGTH DATA ELEMENTS--GENERAL INFORMATION
fixed length control field 240331s9999 xx 000 0 und d
020 ## - INTERNATIONAL STANDARD BOOK NUMBER
ISBN 9555920125
082 ## - DDC Classification
Item Number - Author Mark DEV
Class No. 351
100 ## - MAIN ENTRY--PERSONAL NAME
Personal name SLFI. ed
245 #0 - TITLE STATEMENT
Title Devolution Proposals :
Remainder of title away forward- a summary of the proceedings of the seminar
260 ## - PUBLICATION, DISTRIBUTION, ETC.
Place of publication, distribution, etc. Colombo
Name of publisher, distributor, etc. Sri Lanka Foundation Institute
Date of publication, distribution, etc. 1995
300 ## - PHYSICAL DESCRIPTION
Extent (e.g. Volumes, Pages etc.) 49 p.,
650 ## - SUBJECT ADDED ENTRY--TOPICAL TERM
Topical term or geographic name entry element Devolution
942 ## - Koha item type (Biblio)
Koha item type Books in Stacks (Lending)
Holdings
Lost status Damaged status Collection code Home library Current library Shelving location Date acquired Full call number Accession Number Item type
    Lending WERC Library WERC Library Social Science Cupboard 03/31/2024 351 DEV 5673 Books in Stacks (Lending)

© WERC Library